Cildo Meireles

Պահպանված է:
Մատենագիտական մանրամասներ
Հիմնական հեղինակ: Brett, Guy (Հեղինակ)
Ձևաչափ: Գիրք
Լեզու:անգլերեն
Հրապարակվել է: Nueva York Taste 2015
Հրատարակություն:1a. ed
Խորագրեր:
Ցուցիչներ: Ավելացրեք ցուցիչ
Չկան պիտակներ, Եղեք առաջինը, ով նշում է այս գրառումը!

MARC

LEADER 00000cam a2200000 a 4500
001 UCE7213
003 CL-VaPUC
008 150529e20150000us |||||||||||||||||eng|d
020 |a 9781933045917 
082 0 4 |a 709.81  |b BRE  |2 21 
100 0 |a Brett, Guy  |e author  |9 515504 
245 1 0 |a Cildo Meireles 
250 |a 1a. ed 
300 |a 188 p 
942 |c BK 
945 |d 20150529 15:00:00  |a gsalatino 
260 |a Nueva York  |b Taste  |c 2015 
650 0 |a Arte moderno  |9 265333 
650 0 |a Arte brasileño  |9 471136 
650 0 |a Arte contemporáneo  |9 338008 
583 |a last modification  |c 20150602 11:23:56  |k Rodrigo Vera 
999 |c 359318  |d 359316 
952 |0 0  |1 0  |3 erd  |4 0  |6 709_810000000000000_BRE_2015  |7 0  |8 R  |9 468477  |a BIBART  |b BIBART  |i 5161304  |l 4  |o 709.81 BRE 2015  |p 5161304  |r 2025-03-13  |s 2023-06-13  |w 2019-11-23  |y BK_R  |z Catalogado en:20150529  |k ART